00333nam a2200133Ia 4500008004100000020001800041041000800059082001500067100001800082245004400100260003600144300000900180500001000189220803s9999 xx 000 0 und d a9788184154443 aeng a891.46 TEJ aTej Gyan Pub. aAtma Manobal Prapt Karanyachya 7 Shakti aPunebTej Gyan Foundationc2014 a184p aARCHI